000 00586nam a22001817a 4500
003 OSt
005 20220107122759.0
008 150421b xxu||||| |||| 00| 0 eng d
040 _c
100 _aViza Shesha Shayana Reddy (93613037)
_96744
245 _aMachine learning based malware analysis for android
500 _aMini Project Report, MSc. CSIS, Third Semester
502 _bMSc. Computer Science and Information Security
_c2013 - 2015
_dINT
_eTony Thomas
650 _aMOBILE SECURITY
_96745
650 _aMALWARE DETECTION
_96746
650 _aANDROID
_96747
942 _2ddc
_cPR
999 _c4677
_d4677